Elijah of Buxton / (Record no. 14080)

000 -LEADER
fixed length control field 00944cam a2200229 a 4500
020 ## - ISBN
ISBN 0439023459
020 ## - ISBN
ISBN 9780439023450
082 ## - DEWEY DECIMAL CLASSIFICATION NUMBER
Classification number Fic C941 2007
100 1# - MAIN ENTRY--PERSONAL NAME
Personal name Curtis, Christopher Paul.
245 10 - TITLE STATEMENT
Title Elijah of Buxton /
Statement of responsibility, etc. by Christopher Paul Curtis.
260 ## - PUBLICATION, DISTRIBUTION, ETC. (IMPRINT)
Place of publication, distribution, etc. New York :
Name of publisher, distributor, etc. Scholastic Press,
Date of publication, distribution, etc. c2007.
300 ## - PHYSICAL DESCRIPTION
Extent/Page number 341 p. ;
Dimensions 22 cm.
337 ## - MEDIA TYPE
Media type term unmediated
Media type code n
520 ## - SUMMARY, ETC.
Summary, etc. In 1859, eleven-year-old Elijah Freeman, the first free-born child in Buxton, Canada, which is a haven for slaves fleeing the American south, uses his wits and skills to try to bring to justice the lying preacher who has stolen money that was to be used to buy a family's freedom.
526 ## - STUDY PROGRAM INFORMATION NOTE
PROGRAM TYPE FICTION
SUB-PROGRAM TYPE Slavery and emancipation
650 #1 - SUBJECT ADDED ENTRY--TOPICAL TERM
Topical term or geographic name as entry element Freedom--Fiction.
650 #1 - SUBJECT ADDED ENTRY--TOPICAL TERM
Topical term or geographic name as entry element Slavery--Fiction.
650 #1 - SUBJECT ADDED ENTRY--TOPICAL TERM
Topical term or geographic name as entry element Black people--Fiction.
650 #1 - SUBJECT ADDED ENTRY--TOPICAL TERM
Topical term or geographic name as entry element North Buxton (Ont.)--History--19th century--Fiction.
650 #1 - SUBJECT ADDED ENTRY--TOPICAL TERM
Topical term or geographic name as entry element Canada--History--1763-1867--Fiction.
942 ## - ADDED ENTRY ELEMENTS
Classification
Item type Book
Holdings
Withdrawn status Lost status Source of classification or shelving scheme Damaged status Not for loan Collection code Permanent Location Current Location Shelving location Date acquired Source of acquisition Inventory number Full call number Barcode Date last seen Copy number Price effective from Item type
          Fiction High School Library High School Library DEAR 2025-12-09 Scholastic 8531 Fic C941 2007 c.1 HS8531 2026-02-23 1 2025-12-09 Book
          Fiction High School Library High School Library DEAR 2025-12-09 Scholastic 8532 Fic C941 2007 c.2 HS8532 2026-02-23 2 2025-12-09 Book
          Fiction High School Library High School Library DEAR 2025-12-09 Scholastic 8533 Fic C941 2007 c.3 HS8533 2026-02-23 3 2025-12-09 Book